000 00734nam a22002417a 4500
005 20170124110100.0
010 _aA-609032
020 _c00.00
_a8185420378
035 _aA-609032
037 _bCen Lib/Ret
040 _aDPL
_bEN
082 _a954.54
_bPAT
100 _aPatel, Gouri Shankar
_927019
245 _aHistory and culture of India :
_cby Gouri Shankar Patel
_ba study of Orissa /
260 _aDelhi
_bAmar Prakashan
_c1992
270 _aA1/139B,Lawrence Road
_b Delhi
_e110035
300 _a164p. :
_c20cm(Hb)
_bill.
500 _aIncludes bibliographical reference
650 _a Indian History
_927020
650 _aOrissa
_zIndia
_927021
700 _926754
942 _2ddc
_cEN
_h954.54
_mPAT
999 _c129649
_d129649